ნორმალური ფორმატი
MARC ფორმატი
ჩანაწერი Personal Name
ჩანაწერთა რაოდენობა, რომელიც გამოყენებულია: 1
001 - CONTROL NUMBER
- control field: 25737
003 - CONTROL NUMBER IDENTIFIER
- control field: GE_BSU
005 - DATE AND TIME OF LATEST TRANSACTION
- control field: 20250801125405.0
008 - FIXED-LENGTH DATA ELEMENTS
- fixed length control field: 250801|| aca||aabn | a|a d
040 ## - CATALOGING SOURCE
- Original cataloging agency: GE_BSU
- Transcribing agency: GE_BSU
100 ## - HEADING--PERSONAL NAME
- Personal name: ვადაჭკორია, შოთა,
670 ## - SOURCE DATA FOUND
- Source citation: Work cat.: (GE_BSU): ვადაჭკორია, შოთა,, სამხრეთ ოსეთის" სტატუსის აღდგენა და ქართული პოლიტიკური აზრი 2004-2007 წლებში :
